Standard against Uncle Sam /

Bibliographic Details
Main Author: Tucker, Henry Harrison, jr., 1878-
Format: Book
Language:English
Published: Kansas City, Kan. : H. H. Tucker, Jr., [1907]
Subjects:

MARC

Tag First Indicator Second Indicator Subfields
LEADER 00000cam a2200000 4500
001 in00000065720
005 20151008050730.0
008 750801s1907 ksu 00000 eng u
010 |a  08006074  
035 |a (OCoLC)01497174 
035 |9 AAG2967AM 
040 |c IAU  |d TXA  |d UtOrBLW 
049 |a TXAM  |c [459297] 
050 0 |a HD2769.O4  |b T8 
092 |a 338.2728  |b T892s, 1907 
100 1 |a Tucker, Henry Harrison, jr.,  |d 1878- 
245 1 0 |a Standard against Uncle Sam /  |c [by] H. H. Tucker, jr. 
264 1 |a Kansas City, Kan. :  |b H. H. Tucker, Jr.,  |c [1907] 
264 4 |c [©1907] 
300 |a iv, 600 pages :  |b illustrations ;  |c 22 cm. 
336 |a text  |b txt  |2 rdacontent 
337 |a unmediated  |b n  |2 rdamedia 
338 |a volume  |b nc  |2 rdacarrier 
610 2 0 |a Standard Oil Company. 
610 2 0 |a Uncle Sam Oil Company. 
999 |a MARS 
999 f f |s 12812e52-a1ff-3658-b211-3fb5ff23927d  |i f5532c43-cedf-33db-8cc1-77acb493c2d2  |t 0 
952 f f |p ric  |a Texas A&M University  |b Rellis Campus  |c Joint Library Facility  |s JLF  |d Remote Storage  |t 0  |e HD2769.O4 T8  |h Library of Congress classification  |i unmediated -- volume  |m A14800763605 
998 f f |a HD2769.O4 T8  |t 0  |l Remote Storage